000 00583nam a2200169 i 4500
001 58578
003 ES-MaACL
005 20230906163835.0
007 t|
008 031023s1972 sp ||||1| spa d
100 1 _aDuro Peña, Emilio.
_946310
245 1 3 _aEl monasterio de San Pedro de Rocas y su colección documental /
_cEmilio Duro Peña.
260 _aOrense :
_bInstituto de Estudios Orensanos Padre Feijoo,
_c1972.
300 _a330 p., 7 lám. ;
_c24 cm.
610 2 4 _aMonasterio de San Pedro de Rocas-
_vHistoria-
_vFuentes.
_9170171
852 _aES-MaACL
_jC-48734
_bR.84924
999 _c58578
_d58578